NFL champions - Statistics

General Stats
  • This quiz has been taken 20 times
  • The average score is 40 of 50
Answer Stats
Year score runnerup Champion % Correct
1964 27-0 BaltimoreColts ClevelandBrowns
100%
1955 38-14 Los AngelesRams ClevelandBrowns
100%
1954 56-10 DetroitLions ClevelandBrowns
100%
1950 30-28 Los AngelesRams ClevelandBrowns
100%
1967 21-17 DallasCowboys Green BayPackers
100%
1966 34-27 DallasCowboys Green BayPackers
100%
1965 23-12 ClevelandBrowns Green BayPackers
100%
1962 16-7 New YorkGiants Green BayPackers
100%
1961 37-0 New YorkGiants Green BayPackers
100%
1944 14-7 New YorkGiants Green BayPackers
100%
1939 27-0 New YorkGiants Green BayPackers
100%
1936 21-6 BostonRedskins Green BayPackers
100%
1931 N/A PortsmouthSpartans Green BayPackers
100%
1930 N/A New YorkGiants Green BayPackers
100%
1929 N/A New YorkGiants Green BayPackers
100%
1963 14-10 New YorkGiants ChicagoBears
94%
1946 24-14 New YorkGiants ChicagoBears
94%
1943 41-21 WashingtonRedskins ChicagoBears
94%
1941 37-9 New YorkGiants ChicagoBears
94%
1940 73-0 WashingtonRedskins ChicagoBears
94%
1933 23-21 New YorkGiants ChicagoBears
94%
1932 N/A Green BayPackers ChicagoBears
94%
1956 47-7 ChicagoBears New YorkGiants
94%
1938 23-17 Green BayPackers New YorkGiants
94%
1934 30-13 ChicagoBears New YorkGiants
94%
1927 N/A Green BayPackers New YorkGiants
94%
1957 59-14 ClevelandBrowns DetroitLions
88%
1953 17-16 ClevelandBrowns DetroitLions
88%
1952 17-7 ClevelandBrowns DetroitLions
88%
1935 26-7 New YorkGiants DetroitLions
88%
1942 14-6 ChicagoBears WashingtonRedskins
88%
1937 28-21 ChicagoBears WashingtonRedskins
88%
1968 34-0 ClevelandBrowns BaltimoreColts
81%
1959 31-16 New YorkGiants BaltimoreColts
81%
1958 23-17 New YorkGiants BaltimoreColts
81%
1951 24-17 ClevelandBrowns Los AngelesRams
81%
1945 15-14 WashingtonRedskins Los AngelesRams
81%
1960 17-13 Green BayPackers PhiladelphiaEagles
81%
1949 14-0 Los AngelesRams PhiladelphiaEagles
81%
1948 7-0 ChicagoCardinals PhiladelphiaEagles
81%
1947 28-21 PhiladelphiaEagles ChicagoCardinals
69%
1925 N/A PottsvilleMaroons ChicagoCardinals
69%
1969 27-7 ClevelandBrowns MinnesotaVikings
69%
1923 N/A ChicagoBears CantonBulldogs
19%
1922 N/A ChicagoBears CantonBulldogs
19%
1921 N/A BuffaloAll-Americans ChicagoStaleys
13%
1924 N/A ChicagoBears ClevelandBulldogs
13%
1926 N/A ChicagoBears FrankfordYellow Jackets
13%
1928 N/A FrankfordYellow Jackets ProvidenceSteam Rollers
13%
1920 N/A DecaturStaleys AkronPros
6%
No matching quizzes found
Score Distribution
Percent of People with Each Score
Percentile by Number Answered
Your Score History
You have not taken this quiz